Early Indian History And Beyond: (Record no. 167407)

MARC details
000 -LEADER
fixed length control field 00703nam a22002057a 4500
005 - DATE AND TIME OF LATEST TRANSACTION
control field 20220215152049.0
010 ## - LCCN (DPL NO)
LC control number ENG-126384
020 ## - INTERNATIONAL STANDARD BOOK NUMBER
Terms of availability 1395.00
International Standard Book Number 978-93-5290-597-3
035 ## - SYSTEM CONTROL NUMBER
System control number EN-109916
037 ## - SOURCE OF ACQUISITION
Source of stock number/acquisition DBAD/PUB
082 ## - DEWEY DECIMAL CLASSIFICATION NUMBER
Classification number 954
245 ## - TITLE STATEMENT
Title Early Indian History And Beyond:
Remainder of title Essays in Honour of B.D. Chattopadhyaya/
Statement of responsibility, etc edited by Osmund Bopearachchi [and] Suchandra Ghosh
260 ## - PUBLICATION, DISTRIBUTION, ETC. (IMPRINT)
Name of publisher, distributor, etc Primus Books
Date of publication, distribution, etc 2019
Place of publication, distribution, etc Delhi
270 ## - ADDRESS
Address Virat Bhavan, Mukherjee Nagar Commercial Complex
City Delhi
Postal code 110009
300 ## - PHYSICAL DESCRIPTION
Extent xiii592p.
Dimensions 24cm(hb)
500 ## - GENERAL NOTE
General note Includes index and bibliography.
700 ## - ADDED ENTRY--PERSONAL NAME
Personal name Bopearachchi, Osmund
700 ## - ADDED ENTRY--PERSONAL NAME
Personal name Ghosh, Suchandra
942 ## - ADDED ENTRY ELEMENTS (KOHA)
Source of classification or shelving scheme Dewey Decimal Classification
Item type English Books
Classification part 954
Call number suffix EAR
Holdings
Withdrawn status Lost status Not for loan Collection code Home library Current library Date acquired Source of acquisition Cost, normal purchase price Full call number Barcode Copy number Cost, replacement price Koha item type
      Non-fiction Ashok Vihar Ashok Vihar 30/08/2019 DBAD/PUB 1395.00 954 EAR EN-109916 1 1395.00 English Books

© Delhi Public Library
Hit Counter
free hit counter